000
00199 a2200097 4500
020
_a
9789992467619
041
_a
spa
100
_a
Alberto Pocasangre
245
_a
Donde nacen las sirenas
942
_c
BK
999
_c
29215
_d
29213